[Event "Bad Woerishofen 2017 - Senioren"]
[Site "Bad Woerishofen"]
[Date "2017.03.16"]
[Round "7.37"]
[White "Hauke, Hans"]
[Black "Rumsey, Victor"]
[Result "0-1"]
[WhiteElo "1702"]
[BlackElo "1897"]
[Annotator "chessorg"]
[PlyCount "66"]
[EventDate "2017.??.??"]
[BlackTeam "Battersea"]

1. e4 e5 2. Nc3 Nf6 3. f4 d5 4. exd5 exf4 5. Bb5+ c6 6. Qe2+ Be7 7. dxc6 bxc6
8. Ba4 O-O 9. Qc4 Bd6 10. d3 Re8+ 11. Nce2 Be6 12. Qc3 Nd5 13. Qd4 c5 14. Qe4
f5 15. Qf3 Nd7 16. Bxd7 Qxd7 17. Nh3 Bf7 18. O-O Rab8 19. Nhxf4 Nb4 20. c3 Nxa2
21. c4 Nxc1 22. Rfxc1 Rxb2 23. Rcb1 Reb8 24. Rxb2 Rxb2 25. h4 Bb8 26. h5 Qd6
27. g3 Kf8 28. Qa8 Be8 29. Qg2 Bc6 30. Qh3 Qe5 31. Ra6 Qe3+ 32. Kh2 Rxe2+ 33.
Nxe2 Qf2+ 0-1

[Event "Bad Woerishofen 2017 - Senioren"]
[Site "Bad Woerishofen"]
[Date "2017.03.16"]
[Round "7.38"]
[White "Mcandrew, Robert"]
[Black "Kelemen, Norbert"]
[Result "1/2-1/2"]
[WhiteElo "1888"]
[BlackElo "1630"]
[Annotator "chessorg"]
[PlyCount "53"]
[EventDate "2017.??.??"]
[WhiteTeam "Gambit bonnevoie"]
[BlackTeam "SC Weiße Dame Ulm e.V."]

1. c4 c5 2. g3 g6 3. Bg2 Bg7 4. Nc3 Nc6 5. Nf3 Nf6 6. d3 O-O 7. O-O d6 8. a3
Rb8 9. Rb1 a6 10. Ne1 Bg4 11. b4 cxb4 12. axb4 Qd7 13. b5 axb5 14. Nxb5 Bh3 15.
Nf3 Bxg2 16. Kxg2 Ra8 17. Bb2 Ra6 18. Qb3 Rb8 19. e4 Na5 20. Qc2 Qc6 21. Bc3 b6
22. Nbd4 Qd7 23. Nb5 Qc6 24. h3 Nd7 25. Nfd4 Qb7 26. Kh2 Nc6 27. Nxc6 1/2-1/2

[Event "Bad Woerishofen 2017 - Senioren"]
[Site "Bad Woerishofen"]
[Date "2017.03.16"]
[Round "7.39"]
[White "Auterhoff, Juergen"]
[Black "Braeu, Ludwig"]
[Result "1/2-1/2"]
[WhiteElo "1749"]
[BlackElo "1878"]
[Annotator "chessorg"]
[PlyCount "83"]
[EventDate "2017.??.??"]
[WhiteTeam "SC Pasing von 1948 e.V."]
[BlackTeam "Markt Oberdorf"]

1. e4 c5 2. Nf3 Nc6 3. d4 cxd4 4. Nxd4 g6 5. Be3 Nf6 6. Nc3 Bg7 7. Be2 O-O 8.
O-O d5 9. exd5 Nxd5 10. Nxd5 Nxd4 11. Bxd4 Qxd5 12. Bxg7 Qxd1 13. Raxd1 Kxg7
14. Bf3 Bf5 15. Rd2 Rad8 16. Rfd1 Rxd2 17. Rxd2 Rc8 18. c3 Rc7 19. h3 b6 20.
Be2 Be6 21. a3 g5 22. g4 Rd7 23. Rxd7 Bxd7 24. c4 Kf6 25. Kf1 Ba4 26. Bd3 h6
27. Ke2 Ke5 28. Ke3 Bb3 29. f3 e6 30. Be2 Bc2 31. Bd3 Bd1 32. Be4 Bb3 33. Bd3
f5 34. Be2 Bc2 35. Kd2 Ba4 36. Ke3 f4+ 37. Kd3 Bc6 38. Kc3 Kd6 39. b4 e5 40.
Kd3 Be8 41. Kc3 Bc6 42. Kd3 1/2-1/2

[Event "Bad Woerishofen 2017 - Senioren"]
[Site "Bad Woerishofen"]
[Date "2017.03.16"]
[Round "7.40"]
[White "Koenigl, Anton"]
[Black "Buss, Richard"]
[Result "1-0"]
[WhiteElo "1922"]
[BlackElo "1575"]
[Annotator "chessorg"]
[PlyCount "113"]
[EventDate "2017.??.??"]
[WhiteTeam "FC Ergolding 1932 e.V."]
[BlackTeam "VfR Heisfelde e.V."]

1. e4 e6 2. d4 d5 3. e5 Bd7 4. a3 c5 5. c3 cxd4 6. cxd4 Nc6 7. Nc3 a6 8. Nf3 h6
9. Bd3 Nge7 10. O-O Nc8 11. Bd2 b5 12. Ne2 Nb6 13. Bc3 Na4 14. Rc1 Rc8 15. Bc2
Nxc3 16. Nxc3 Na5 17. Bb1 Nc4 18. Qe2 Be7 19. h3 O-O 20. Nh2 Qb6 21. Rcd1 b4
22. axb4 Bxb4 23. Qd3 g6 24. Ng4 Kg7 25. Qf3 Be7 26. Nf6 Qc7 27. Ne2 Qd8 28.
Nxd7 Qxd7 29. b3 Nb6 30. Ng3 f5 31. exf6+ Rxf6 32. Qg4 Kf7 33. Qe2 Kg7 34. Qxa6
Bd8 35. Qd3 Kf8 36. Qe3 Qg7 37. Rc1 Rxc1 38. Rxc1 Ke7 39. Qe5 Nd7 40. Qe3 Nf8
41. Ne2 Nh7 42. Nf4 Ng5 43. Nxd5+ Kf7 44. Nxf6 Qxf6 45. f4 Nh7 46. Qe4 Nf8 47.
g3 g5 48. Rf1 Kg8 49. fxg5 Qxg5 50. Qf4 Qg7 51. Qe5 Qe7 52. Rf4 Nh7 53. Rg4+
Ng5 54. h4 Bc7 55. Qe3 Kf8 56. hxg5 Bd8 57. gxh6 1-0

[Event "Bad Woerishofen 2017 - Senioren"]
[Site "Bad Woerishofen"]
[Date "2017.03.16"]
[Round "7.41"]
[White "Wawrinsky, Ludwig"]
[Black "Rahn, Oskar"]
[Result "0-1"]
[WhiteElo "1753"]
[BlackElo "2088"]
[Annotator "chessorg"]
[PlyCount "100"]
[EventDate "2017.??.??"]
[WhiteTeam "1.SK Neuperlach e.V."]

1. e4 d5 2. exd5 Nf6 3. Nc3 g6 4. Bc4 Nbd7 5. Bb3 Bg7 6. Nf3 O-O 7. O-O Nc5 8.
Bc4 a6 9. a4 Nce4 10. Re1 Nd6 11. Bb3 b6 12. Qe2 Re8 13. Ne5 Bb7 14. Nc6 Bxc6
15. dxc6 Nf5 16. Qc4 e6 17. Ne2 Nd5 18. c3 Qd6 19. d3 Red8 20. Bg5 Bf6 21. Bxf6
Nxf6 22. Nf4 Nd5 23. Nxd5 exd5 24. Qg4 Qxc6 25. Re5 Qf6 26. Rxd5 Rxd5 27. Bxd5
Re8 28. Be4 Nd6 29. Re1 Qe7 30. Qf3 Kg7 31. Qe2 Qd7 32. Qc2 f5 33. Rd1 fxe4 34.
dxe4 Qc6 35. f3 Nc4 36. Qf2 Re5 37. b3 Nd6 38. Qd4 Qc5 39. Kf2 Kf7 40. b4 Qxd4+
41. cxd4 Re7 42. g4 b5 43. a5 g5 44. h4 h6 45. hxg5 hxg5 46. Rh1 Kg6 47. Rh8
Re8 48. Rxe8 Nxe8 49. e5 c6 50. Ke3 Nc7 0-1

[Event "Bad Woerishofen 2017 - Senioren"]
[Site "Bad Woerishofen"]
[Date "2017.03.16"]
[Round "7.42"]
[White "Castellano, Alfonso"]
[Black "Goris-Schouwstra, Adry"]
[Result "1/2-1/2"]
[WhiteElo "1916"]
[BlackElo "1752"]
[Annotator "chessorg"]
[PlyCount "100"]
[EventDate "2017.??.??"]

1. c4 c5 2. g3 g6 3. Bg2 Bg7 4. Nf3 e6 5. O-O Ne7 6. Nc3 Nbc6 7. d3 O-O 8. e3
d5 9. Qe2 b6 10. Rd1 Bb7 11. cxd5 exd5 12. d4 c4 13. b3 cxb3 14. axb3 a5 15.
Ba3 Re8 16. Qb2 Nb4 17. Ne1 Qd7 18. Bxb4 axb4 19. Na2 Nc6 20. Nd3 Bf8 21. Nf4
Na5 22. Nd3 Nc6 23. Qd2 Ra3 24. Naxb4 Rxa1 25. Rxa1 Na5 26. Qb2 Qb5 27. Ra4 Rc8
28. Bf1 Qd7 29. Ra1 Rc7 30. Na2 Qc8 31. Rc1 Rxc1 32. Ndxc1 Ba6 33. Qc3 Qb7 34.
Bg2 Qd7 35. Nd3 Qd6 36. Ne5 f6 37. Nd3 g5 38. Nab4 Bb7 39. f3 Qd7 40. e4 dxe4
41. fxe4 Qg4 42. Nf2 Qd7 43. Nd5 Bxd5 44. exd5 Qb5 45. Ne4 Kg7 46. Qf3 Be7 47.
d6 Bd8 48. Nd2 Qb4 49. Qd3 Qxd6 50. Nc4 Qb4 1/2-1/2

[Event "Bad Woerishofen 2017 - Senioren"]
[Site "Bad Woerishofen"]
[Date "2017.03.16"]
[Round "7.43"]
[White "Fuchs, Joachim"]
[Black "Trefzer, Erhard"]
[Result "1/2-1/2"]
[WhiteElo "1736"]
[BlackElo "1886"]
[Annotator "chessorg"]
[PlyCount "39"]
[EventDate "2017.??.??"]
[WhiteTeam "SC Starnberg"]
[BlackTeam "SV Besigheim"]

1. d4 e6 2. c4 f5 3. Nf3 Nf6 4. Nc3 Be7 5. e3 c6 6. Bd3 d5 7. O-O O-O 8. a3 Ne4
9. Nd2 Bd6 10. c5 Bc7 11. Nf3 Nd7 12. Ne2 Qf6 13. b4 b6 14. Qa4 b5 15. Qc2 Qh6
16. a4 Ng5 17. Ng3 Nxf3+ 18. gxf3 bxa4 19. f4 Nf6 20. Rxa4 1/2-1/2

[Event "Bad Woerishofen 2017 - Senioren"]
[Site "Bad Woerishofen"]
[Date "2017.03.16"]
[Round "7.44"]
[White "Erdmann, Wolfgang"]
[Black "Harke, Horst"]
[Result "0-1"]
[WhiteElo "1725"]
[BlackElo "1836"]
[Annotator "chessorg"]
[PlyCount "102"]
[EventDate "2017.??.??"]
[WhiteTeam "SC Roter Turm Altstadt"]
[BlackTeam "SK Varel"]

1. d4 c6 2. e3 d5 3. Nf3 Nf6 4. Bd3 Bg4 5. Nbd2 e6 6. O-O Nbd7 7. e4 dxe4 8.
Nxe4 Nxe4 9. Bxe4 Nf6 10. Qd3 Nxe4 11. Qxe4 Bf5 12. Qe2 Be7 13. c3 h6 14. h3
O-O 15. Be3 a5 16. Rad1 Re8 17. Rd2 Bd6 18. Ne5 f6 19. Nf3 Qc7 20. Rdd1 Qf7 21.
Nh4 g5 22. Nf3 Bg6 23. a3 Bh5 24. g4 Bg6 25. Nd2 Bc7 26. f3 e5 27. Qf2 exd4 28.
Bxd4 Bf4 29. Rfe1 Rxe1+ 30. Rxe1 Rd8 31. Ne4 Bxe4 32. Rxe4 f5 33. Re2 fxg4 34.
fxg4 Rd5 35. Qe1 Bd6 36. Re8+ Bf8 37. Qe6 Qxe6 38. Rxe6 c5 39. Be3 b5 40. Kg2
b4 41. cxb4 cxb4 42. axb4 axb4 43. Bc1 Rc5 44. Re1 Rc2+ 45. Kh1 Bg7 46. b3 Rc3
47. Bd2 Rxh3+ 48. Kg2 Rxb3 49. Re4 Rb2 50. Re2 Bc3 51. Re8+ Kf7 0-1

[Event "Bad Woerishofen 2017 - Senioren"]
[Site "Bad Woerishofen"]
[Date "2017.03.16"]
[Round "7.45"]
[White "Traversi, Carlo"]
[Black "Knischka, Walter"]
[Result "1/2-1/2"]
[WhiteElo "1582"]
[BlackElo "1831"]
[Annotator "chessorg"]
[PlyCount "59"]
[EventDate "2017.??.??"]
[BlackTeam "SK Oberguenzburg"]

1. Nf3 g6 2. d4 Bg7 3. e3 d6 4. Be2 Nd7 5. c4 e5 6. dxe5 dxe5 7. Nc3 Ne7 8. Nd5
O-O 9. e4 h6 10. O-O c6 11. Nxe7+ Qxe7 12. Be3 Nf6 13. Qc2 Nh7 14. Rfd1 a5 15.
Qd2 Re8 16. Bxh6 Be6 17. Bxg7 Kxg7 18. Qd6 f6 19. Qxe7+ Rxe7 20. Rd6 Bg4 21.
Rad1 Bxf3 22. Bxf3 Rae8 23. h4 Nf8 24. Rd8 Kf7 25. Rxe8 Kxe8 26. Bg4 Ne6 27.
Bxe6 Rxe6 28. Kf1 c5 29. b3 f5 30. exf5 1/2-1/2

[Event "Bad Woerishofen 2017 - Senioren"]
[Site "Bad Woerishofen"]
[Date "2017.03.16"]
[Round "7.46"]
[White "Kumeth, Hartmut"]
[Black "Schnell, Franz"]
[Result "1/2-1/2"]
[WhiteElo "1813"]
[BlackElo "1723"]
[Annotator "chessorg"]
[PlyCount "86"]
[EventDate "2017.??.??"]
[WhiteTeam "SK Union Oldenburg"]
[BlackTeam "SV Trossingen"]

1. a3 d5 2. d4 Bf5 3. Nf3 e6 4. e3 Nf6 5. c4 c6 6. Nc3 Nbd7 7. cxd5 exd5 8. b4
a6 9. h3 Bd6 10. Bd3 Ne4 11. Bxe4 dxe4 12. Nd2 Nf6 13. Qc2 Qe7 14. Na4 Bg6 15.
Nb6 Rb8 16. Bb2 O-O 17. Nb3 Bxb4+ 18. Nd2 Bd6 19. Ndc4 Bc7 20. Bc3 Qd8 21. Rb1
Nd5 22. Ba5 f5 23. Qd2 f4 24. Nxd5 cxd5 25. Bxc7 Qxc7 26. Ne5 fxe3 27. Qxe3
Qa5+ 28. Kf1 Be8 29. Kg1 Bb5 30. Kh2 Rbc8 31. Rhc1 Qd8 32. Rxc8 Qxc8 33. Rc1
Qb8 34. Rc3 Qd6 35. Kg1 Qb6 36. Qd2 Bc6 37. Kh2 a5 38. Rg3 Qc7 39. Kg1 Bb5 40.
Qh6 Be8 41. Qe6+ Bf7 42. Qh6 g6 43. h4 Be6 1/2-1/2

[Event "Bad Woerishofen 2017 - Senioren"]
[Site "Bad Woerishofen"]
[Date "2017.03.16"]
[Round "7.48"]
[White "Stokes, Paul"]
[Black "Lachat, Martin"]
[Result "1-0"]
[WhiteElo "1867"]
[BlackElo "1642"]
[Annotator "chessorg"]
[PlyCount "47"]
[EventDate "2017.??.??"]
[WhiteTeam "Battersea"]
[BlackTeam "ASK Réti Zuerich"]

1. d4 f5 2. Nf3 g6 3. g3 Nf6 4. Bg2 Bg7 5. O-O O-O 6. b3 d6 7. Bb2 c6 8. c4 Qc7
9. Nbd2 Nbd7 10. Ng5 Nb6 11. e4 e6 12. c5 dxc5 13. dxc5 Nbd5 14. exd5 exd5 15.
Qc2 Re8 16. Rfe1 Bd7 17. Ndf3 h6 18. Nh3 Ne4 19. Bxg7 Kxg7 20. Nf4 g5 21. Qb2+
Kf7 22. Nd3 Kg8 23. Nfe5 Re7 24. f3 1-0

[Event "Bad Woerishofen 2017 - Senioren"]
[Site "Bad Woerishofen"]
[Date "2017.03.16"]
[Round "7.49"]
[White "Zappi, Adriano"]
[Black "Rueggeberg, Wilhelm"]
[Result "1-0"]
[WhiteElo "1729"]
[BlackElo "1845"]
[Annotator "chessorg"]
[PlyCount "129"]
[EventDate "2017.??.??"]
[WhiteTeam "Merania"]
[BlackTeam "Sfr.Saarburg-Trier"]

1. d4 Nf6 2. Nf3 e6 3. Bf4 d5 4. e3 Nbd7 5. c4 Bb4+ 6. Nbd2 c5 7. a3 Ba5 8.
dxc5 Bxd2+ 9. Nxd2 Nxc5 10. Be2 O-O 11. O-O Qb6 12. b4 Nce4 13. c5 Qd8 14. Qc2
Nxd2 15. Qxd2 Bd7 16. Rfc1 Ba4 17. Bd1 Bxd1 18. Qxd1 Qd7 19. Be5 Ne8 20. e4 f6
21. Bb2 Rd8 22. exd5 exd5 23. Qb3 Nc7 24. Rd1 Rfe8 25. Qg3 Re6 26. h3 Ne8 27.
Bd4 a6 28. Rd3 Qe7 29. Be3 Re4 30. Rad1 Qe5 31. Qf3 d4 32. Bd2 Nc7 33. g3 Ne6
34. h4 Rd5 35. Kf1 Qf5 36. Qg2 Rde5 37. Rf3 Qg6 38. Qh3 Qg4 39. Qxg4 Rxg4 40.
Rc1 Rge4 41. c6 bxc6 42. Rxc6 Re2 43. Rd3 f5 44. Rxa6 h6 45. a4 g5 46. hxg5
hxg5 47. b5 f4 48. gxf4 gxf4 49. b6 Nc5 50. Ra8+ Kf7 51. Rxd4 Nb3 52. Rxf4+ Ke6
53. Be3 Ra2 54. b7 Ra1+ 55. Kg2 Rg5+ 56. Kf3 Ra3 57. Re4+ Kf6 58. Bxg5+ Kxg5
59. Rg8+ Kf6 60. b8=Q Nd2+ 61. Kf4 Nxe4 62. Kxe4 Rxa4+ 63. Kf3 Ra3+ 64. Kg2 Rc3
65. Qe8 1-0

[Event "Bad Woerishofen 2017 - Senioren"]
[Site "Bad Woerishofen"]
[Date "2017.03.16"]
[Round "7.50"]
[White "Wulf, Adalbert"]
[Black "Birkestrand, Odd"]
[Result "1-0"]
[WhiteElo "1840"]
[BlackElo "1726"]
[Annotator "chessorg"]
[PlyCount "113"]
[EventDate "2017.??.??"]
[WhiteTeam "SV Ennigerloh-Oelde"]
[BlackTeam "Norges Sjakkforbund"]

1. d4 Nf6 2. Nc3 d5 3. Bg5 g6 4. Nf3 Bg7 5. h3 O-O 6. e3 b6 7. Bd3 Bb7 8. Bf4
a6 9. Ne5 Nbd7 10. O-O Rc8 11. Ne2 Re8 12. c3 Nxe5 13. Bxe5 Nd7 14. Bxg7 Kxg7
15. f4 f5 16. g4 e6 17. g5 h6 18. h4 hxg5 19. hxg5 Rh8 20. Kg2 Rh4 21. Rh1 Qh8
22. Ng3 Qh7 23. Rxh4 Qxh4 24. Qe2 Qh8 25. Rh1 Qg8 26. Bxa6 Bxa6 27. Qxa6 Qe8
28. Qe2 Qf7 29. Qd1 Rh8 30. Rxh8 Kxh8 31. Qa4 c5 32. Qc6 c4 33. b3 cxb3 34.
axb3 Qe7 35. Qa4 Kg7 36. Ne2 Nb8 37. Qb5 Kf7 38. Qxb6 Nd7 39. Qa7 Qd6 40. Kf2
Ke7 41. Ke1 Kd8 42. Kd2 Qb6 43. Qa4 Qb7 44. Nc1 Nb6 45. Qa3 Ke8 46. Qd6 Nc4+
47. bxc4 Qb2+ 48. Kd1 Qxc3 49. Qxe6+ Kf8 50. cxd5 Kg7 51. Qe7+ Kh8 52. d6 Qb4
53. Qe6 Qa4+ 54. Nb3 Qa2 55. d7 Qb1+ 56. Nc1 Qxc1+ 57. Kxc1 1-0

[Event "Bad Woerishofen 2017 - Senioren"]
[Site "Bad Woerishofen"]
[Date "2017.03.16"]
[Round "7.51"]
[White "Maassen, Hermann"]
[Black "Oser, Thor"]
[Result "1-0"]
[WhiteElo "1832"]
[BlackElo "1708"]
[Annotator "chessorg"]
[PlyCount "65"]
[EventDate "2017.??.??"]
[BlackTeam "SK 1929 Joehlingen"]

1. e4 c5 2. Nf3 Nc6 3. d4 cxd4 4. Nxd4 d6 5. Be2 g6 6. O-O Bg7 7. Be3 Nf6 8.
Nc3 O-O 9. Qd2 Ng4 10. Nxc6 bxc6 11. Bf4 Ne5 12. Bg3 a5 13. Kh1 Ba6 14. f4 Bxe2
15. Qxe2 Nd7 16. e5 dxe5 17. fxe5 e6 18. Rad1 Qc7 19. Rfe1 Nb6 20. Rd6 Rfc8 21.
Ne4 c5 22. Nf6+ Kh8 23. Red1 Rd8 24. Qb5 Nd5 25. Nxd5 exd5 26. R1xd5 Rxd6 27.
exd6 Qd8 28. Qxc5 Bxb2 29. Be5+ Bxe5 30. Rxe5 Rb8 31. h3 Rc8 32. Qd4 f6 33. Re7
1-0

[Event "Bad Woerishofen 2017 - Senioren"]
[Site "Bad Woerishofen"]
[Date "2017.03.16"]
[Round "7.52"]
[White "Norman, Dinah"]
[Black "Flockerzi, Armin"]
[Result "1-0"]
[WhiteElo "1697"]
[BlackElo "1822"]
[Annotator "chessorg"]
[PlyCount "137"]
[EventDate "2017.??.??"]
[BlackTeam "VfR-SC Koblenz"]

1. d4 d5 2. Nf3 Nf6 3. e3 c6 4. c4 e6 5. Nc3 Bb4 6. Bd2 Nbd7 7. a3 Bxc3 8. Bxc3
dxc4 9. Bxc4 O-O 10. Qc2 Re8 11. O-O b6 12. Rad1 Bb7 13. Be2 Qc8 14. Rfe1 Rd8
15. Qb1 Ba6 16. Bxa6 Qxa6 17. e4 Nf8 18. Ne5 Qb7 19. f3 Rac8 20. Qc1 N6d7 21.
Nxd7 Rxd7 22. Qe3 Rcd8 23. Qe2 Ng6 24. g3 Qc7 25. Kg2 b5 26. b4 a6 27. h4 f6
28. h5 Ne7 29. Bb2 Nc8 30. Qc2 Nb6 31. Qb3 Nc4 32. f4 Qb6 33. Ba1 Kf8 34. Qf3
Re7 35. g4 Rf7 36. f5 exf5 37. exf5 Qc7 38. Kh3 h6 39. Re6 Rd6 40. Rde1 Rfd7
41. Re8+ Kf7 42. R8e6 a5 43. Rxd6 Rxd6 44. Qe2 Qd7 45. Qf3 a4 46. Kg2 Nd2 47.
Qe2 Nb3 48. Qa2 Kf8 49. Qc2 Nxa1 50. Rxa1 Rxd4 51. Qc5+ Kf7 52. Kh3 Rd3+ 53.
Kh4 Qc7 54. Qf2 Qd7 55. Re1 Qd5 56. Qa7+ Kg8 57. Qa8+ Kh7 58. Qe8 Rxa3 59. Qg6+
Kh8 60. Re8+ Qg8 61. Rxg8+ Kxg8 62. Qe8+ Kh7 63. Qxc6 Rb3 64. Qxb5 a3 65. Qa4
Re3 66. b5 Kg8 67. b6 Re7 68. Qxa3 Rb7 69. Qa8+ 1-0

[Event "Bad Woerishofen 2017 - Senioren"]
[Site "Bad Woerishofen"]
[Date "2017.03.16"]
[Round "7.53"]
[White "Richter, Stefan"]
[Black "Dallmeier, Gerhard"]
[Result "1-0"]
[WhiteElo "1671"]
[BlackElo "1819"]
[Annotator "chessorg"]
[PlyCount "55"]
[EventDate "2017.??.??"]
[WhiteTeam "Elstertal langenberg"]
[BlackTeam "SK Roland Weißenfels"]

1. e4 c5 2. Nf3 d6 3. Nc3 a6 4. a3 Nf6 5. h3 Nbd7 6. Bc4 b5 7. Ba2 e6 8. d3 Bb7
9. O-O g6 10. Bf4 Nb8 11. e5 Nh5 12. Bg5 Qc7 13. Qe2 Ng7 14. Bf6 Nd7 15. Nd5
Bxd5 16. Bxd5 Rc8 17. Ba2 Rg8 18. Ng5 h6 19. Nf3 c4 20. dxc4 bxc4 21. Rad1 Be7
22. Bxe7 Nxe5 23. Bxd6 Nxf3+ 24. Qxf3 Qc6 25. Qf6 Nf5 26. Bb4 g5 27. g4 Nh4 28.
Qe7# 1-0

[Event "Bad Woerishofen 2017 - Senioren"]
[Site "Bad Woerishofen"]
[Date "2017.03.16"]
[Round "7.54"]
[White "Hartlaub, Marianne"]
[Black "Niedermaier, Peter"]
[Result "0-1"]
[WhiteElo "1555"]
[BlackElo "1808"]
[Annotator "chessorg"]
[PlyCount "58"]
[EventDate "2017.??.??"]
[WhiteTeam "SK 1982 Klingenberg e.V."]
[BlackTeam "SU Ebersberg-Grafing"]

1. Nf3 Nf6 2. c4 c5 3. g3 g6 4. Nc3 Nc6 5. Bg2 Bg7 6. O-O O-O 7. d3 d6 8. h3
Bd7 9. a3 Qc8 10. Kh2 a6 11. b3 Ng4+ 12. hxg4 Bxc3 13. Ra2 Bxg4 14. Bh6 Bg7 15.
Bxg7 Kxg7 16. d4 Bxf3 17. Bxf3 Nxd4 18. Qa1 e5 19. Bg2 Nxb3 20. Qb2 Na5 21. Qc3
Nc6 22. e3 Qc7 23. Rd2 Rfe8 24. Rfd1 Rad8 25. f4 f6 26. Bxc6 Qxc6 27. Rd5 exf4
28. exf4 b5 29. Qd2 Re6 0-1

[Event "Bad Woerishofen 2017 - Senioren"]
[Site "Bad Woerishofen"]
[Date "2017.03.16"]
[Round "7.55"]
[White "Rothenhagen, Siegfried"]
[Black "Wraga, Hermann"]
[Result "1-0"]
[WhiteElo "1770"]
[BlackElo "1683"]
[Annotator "chessorg"]
[PlyCount "71"]
[EventDate "2017.??.??"]
[WhiteTeam "SF Windach"]
[BlackTeam "SG Osnabrueck"]

1. d4 f5 2. Bg5 g6 3. e3 c6 4. h4 h6 5. Bf4 d6 6. Nf3 Nf6 7. Bd3 e6 8. Nbd2 Qa5
9. c3 Nd5 10. Bh2 Nf6 11. e4 Ng4 12. Qe2 Nxh2 13. Nxh2 Be7 14. exf5 exf5 15.
Ndf3 Kd8 16. O-O Bf6 17. Rfe1 Bd7 18. Qd2 Na6 19. Bc4 d5 20. Bd3 Be8 21. Re6
Be7 22. Rae1 Rh7 23. Qe2 Qc7 24. g4 Rg7 25. Kh1 fxg4 26. Nxg4 c5 27. Nxh6 Qd7
28. Bxa6 bxa6 29. dxc5 Qb5 30. Rxe7 Qxe2 31. R7xe2 Bc6 32. Nd4 Bd7 33. Ne6+
Bxe6 34. Rxe6 Kd7 35. Ng4 Rh8 36. Nf6+ 1-0

[Event "Bad Woerishofen 2017 - Senioren"]
[Site "Bad Woerishofen"]
[Date "2017.03.16"]
[Round "7.56"]
[White "Weyand, Fernand"]
[Black "Schulz, Franz"]
[Result "1/2-1/2"]
[WhiteElo "1747"]
[BlackElo "1629"]
[Annotator "chessorg"]
[PlyCount "48"]
[EventDate "2017.??.??"]
[WhiteTeam "SVG Saarbruecken 1970 e.V."]
[BlackTeam "SV Ebersbach"]

1. e4 e5 2. Nf3 Nc6 3. Bb5 a6 4. Bxc6 dxc6 5. O-O f6 6. d4 exd4 7. Nxd4 Bc5 8.
Nb3 Qxd1 9. Rxd1 Bd6 10. Be3 Ne7 11. Nc3 b6 12. Ne2 Ng6 13. Rd2 O-O 14. Rad1
Re8 15. f3 Ne5 16. Bd4 Nc4 17. Rd3 a5 18. Nd2 Ba6 19. Nxc4 Bxc4 20. Re3 Bxe2
21. Rxe2 Re7 22. g3 Rae8 23. Rde1 c5 24. Bf2 f5 1/2-1/2

[Event "Bad Woerishofen 2017 - Senioren"]
[Site "Bad Woerishofen"]
[Date "2017.03.16"]
[Round "7.57"]
[White "Gepting, Konrad"]
[Black "Collins, Alan"]
[Result "0-1"]
[WhiteElo "1606"]
[BlackElo "1717"]
[Annotator "chessorg"]
[PlyCount "94"]
[EventDate "2017.??.??"]
[WhiteTeam "SK Marktoberdorf"]
[BlackTeam "Cowley"]

1. d4 d6 2. b3 e5 3. Bb2 exd4 4. Bxd4 Nc6 5. Bb2 Nf6 6. e3 Be7 7. a3 b6 8. h3
Bb7 9. Nf3 O-O 10. Nbd2 Re8 11. Bd3 Bf8 12. c4 Ne5 13. Nxe5 dxe5 14. Qc2 Bxg2
15. Rg1 Bb7 16. f3 g6 17. O-O-O Bg7 18. Kb1 Qe7 19. e4 Nh5 20. Nf1 Nf4 21. Ne3
Nxd3 22. Rxd3 c6 23. Qc3 Rad8 24. Rgd1 Rxd3 25. Rxd3 Rd8 26. Ng4 Rxd3 27. Qxd3
h5 28. Nf2 Bc8 29. Bc1 Qd7 30. Qe3 Qd4 31. Qe1 Bf6 32. Be3 Qd6 33. b4 Bh4 34.
Kc2 Bxf2 35. Qxf2 Bxh3 36. c5 Qe6 37. Kc3 b5 38. Qe2 Qd7 39. f4 Be6 40. Qf3 Bc4
41. Bf2 exf4 42. e5 Qd5 43. Qh3 Qxe5+ 44. Bd4 Qe1+ 45. Kc2 f5 46. Bc3 Qe2+ 47.
Kc1 Bb3 0-1

[Event "Bad Woerishofen 2017 - Senioren"]
[Site "Bad Woerishofen"]
[Date "2017.03.16"]
[Round "7.58"]
[White "Eigenmann, Christina"]
[Black "Grandl, Klaus"]
[Result "0-1"]
[WhiteElo "1738"]
[BlackElo "1576"]
[Annotator "chessorg"]
[PlyCount "124"]
[EventDate "2017.??.??"]
[BlackTeam "Sportfr.Windach e.V.1923"]

1. d4 d5 2. c4 e6 3. Bf4 Bd6 4. Bxd6 Qxd6 5. e3 Nf6 6. Nc3 a6 7. Nf3 O-O 8. Rc1
Nbd7 9. a3 b6 10. cxd5 exd5 11. Bd3 c5 12. O-O c4 13. Bb1 b5 14. h3 Re8 15. Nh2
Ne4 16. Ng4 Bb7 17. Bxe4 dxe4 18. Ne5 Nxe5 19. dxe5 Qxd1 20. Rfxd1 Rad8 21. Rd6
Rxd6 22. exd6 Rd8 23. Rd1 Rd7 24. Rd4 Kf8 25. g4 g6 26. Kg2 Kg7 27. g5 f5 28.
Ne2 Kf7 29. Nf4 Bc6 30. Kf1 a5 31. Ke1 Rb7 32. Kd2 Rb8 33. Kc3 Bd7 34. Rd2 Be6
35. Kd4 b4 36. Nxe6 Kxe6 37. Kxc4 Kd7 38. axb4 Rxb4+ 39. Kc5 Rb3 40. Kc4 a4 41.
h4 Rb6 42. Kc5 Rb8 43. Kc4 Rb3 44. Kc5 Rd3 45. Rc2 Rxd6 46. Kb5 Ke6 47. Rc6
Rxc6 48. Kxc6 f4 49. Kb5 Kf5 50. Kxa4 Kg4 51. b4 Kf3 52. b5 Kxf2 53. b6 fxe3
54. b7 e2 55. b8=Q e1=Q 56. Qf4+ Kg2 57. Qg4+ Kh2 58. h5 e3 59. hxg6 hxg6 60.
Qe4 e2 61. Qxg6 Qd1+ 62. Kb5 e1=Q 0-1

[Event "Bad Woerishofen 2017 - Senioren"]
[Site "Bad Woerishofen"]
[Date "2017.03.16"]
[Round "7.59"]
[White "Hardt, Dieter"]
[Black "Kirchhof, Manfred"]
[Result "1/2-1/2"]
[WhiteElo "1733"]
[BlackElo "1530"]
[Annotator "chessorg"]
[PlyCount "49"]
[EventDate "2017.??.??"]
[WhiteTeam "SG Konstanz"]
[BlackTeam "SC Unterhaching e.V."]

1. d4 d5 2. Nf3 Nf6 3. e3 e6 4. Bd3 Nbd7 5. Nbd2 c5 6. b3 Be7 7. Bb2 a6 8. Ne5
b5 9. c4 Bb7 10. cxb5 axb5 11. Bxb5 O-O 12. Qe2 Nxe5 13. dxe5 Nd7 14. O-O Qc7
15. f4 f5 16. a4 Nb8 17. Rac1 Ba6 18. Bxa6 Nxa6 19. Ba3 Rfb8 20. Rc3 Qa5 21.
Rfc1 Nb4 22. Bxb4 Qxb4 23. h3 Rc8 24. Qb5 Qxb5 25. axb5 1/2-1/2

[Event "Bad Woerishofen 2017 - Senioren"]
[Site "Bad Woerishofen"]
[Date "2017.03.16"]
[Round "7.60"]
[White "Braeu, Emmi"]
[Black "Wraga, Teresa"]
[Result "0-1"]
[WhiteElo "1558"]
[BlackElo "1667"]
[Annotator "chessorg"]
[PlyCount "120"]
[EventDate "2017.??.??"]
[WhiteTeam "SK Marktoberdorf"]
[BlackTeam "SG Osnabrueck"]

1. c4 e5 2. Nc3 Nc6 3. g3 g6 4. Bg2 Bg7 5. Nf3 d6 6. d3 f5 7. e4 Nf6 8. h3 O-O
9. O-O h6 10. Be3 g5 11. exf5 Bxf5 12. Nh2 Qd7 13. Ng4 Nxg4 14. hxg4 Bxg4 15.
f3 Bh3 16. Qd2 Bxg2 17. Kxg2 Ne7 18. d4 Nf5 19. dxe5 Nxe3+ 20. Qxe3 Bxe5 21.
Qe4 Qf5 22. Qxf5 Rxf5 23. Rac1 Rff8 24. Rc2 c6 25. Re2 Bxc3 26. bxc3 Rfe8 27.
Rfe1 Rxe2+ 28. Rxe2 Kf7 29. Rd2 Rd8 30. Kh3 d5 31. c5 Ke8 32. Kg4 Ke7 33. c4
dxc4 34. Rd6 Kf7 35. Kf5 Rf8 36. Rd1 Re8 37. Kg4 c3 38. Kf5 c2 39. Rc1 Re2 40.
f4 gxf4 41. Kxf4 Rg2 42. Ke4 Kf6 43. Kf3 Rd2 44. Ke3 Rh2 45. Ke4 h5 46. Rg1 h4
47. Kf3 Rd2 48. Rc1 Kf5 49. Ke3 Rh2 50. Kf3 b6 51. cxb6 axb6 52. a4 Kf6 53. Kg4
Rf2 54. Ra1 h3 55. Kxh3 Rd2 56. Rc1 Ke5 57. g4 Kd4 58. Kg3 Kc5 59. Kh4 Kb4 60.
Ra1 Rd1 0-1